Yukon Territory Premiers - Statistics

General Stats
  • This quiz has been taken 4 times
  • The average score is 3 of 9
Answer Stats
Time in Office Political Party Answer % Correct
2016 - Present Liberal Party Sandy Silver
100%
1978 - 1985 Progressive Conservative Party Chris Pearson
33%
2011 - 2016 Yukon Party Darrell Pasloski
33%
2002 - 2011 Yukon Party Dennis Fentie
33%
1996 - 2000 New Democratic Party Piers McDonald
33%
1985 - 1992 New Democratic Party Tony Penikett
33%
1992 - 1996 Yukon Party John Ostashek
0%
2000 - 2002 Liberal Party Pat Duncan
0%
1985 Progressive Conservative Party Willard Phelps
0%
No matching quizzes found
Score Distribution
Percent of People with Each Score
Percentile by Number Answered
Your Score History
You have not taken this quiz